000 00661nam a22002297a 4500
003 UA-OsUOA
001 93717
007 ta
008 20130128b un ||||| |||| 00| 0 ukr d
100 _aЕвпатов В.
090 _a821.161.1
_bЕ21
942 _cBK
040 _aUA-OsUOA
_brus
_cUA-OsUOA
_dUA-OsUOA
245 _aВдаль по лучу идет душа
_bстихотворения, сказки, истории
300 _a140 с.
955 _a3
041 _arus
080 _a821.161.1
260 _aМ.
_bМол. гвардия
_c1991
650 7 _a82 Література. Літературознавство
_2UDC
999 _c379958
_d379958